000 00547nam a2200193Ia 4500
003 GCL
008 140319s9999 xx 000 0 ara d
040 _aGCL /
_cGCL
082 0 4 _a812..009
_bرت
100 1 _aرمسيس عوض
245 1 0 _aالتاريخ السرى للمسرح قبل ثورة 1919 /
_cرمسيس عوض
260 _a[S.N] :
_bلا يوجد ،
_c1972
300 _a131 ص
490 _a
650 0 4 _aالادب العربى
650 0 4 _aالمسرح العربى
650 0 4 _aتاريخ ونقد
942 _2ddc
_cBK
999 _c29441
_d29441